000
00271nam a22001217a 4500
008
180308b xxu||||| |||| 00| 0 eng d
041
_a
eng
080
_2
3rd
_a
617
100
_a
5
101
_a
KIR
245
_a
Atlas of pelvic surgery
_c
Wheeless,C.R
942
_2
udc
_c
BK
999
_c
44393
_d
44393